Marketing Management (Record no. 13066)

MARC details
000 -LEADER
fixed length control field 00426nam a22001817a 4500
003 - CONTROL NUMBER IDENTIFIER
control field OSt
008 - FIXED-LENGTH DATA ELEMENTS--GENERAL INFORMATION
fixed length control field 250204b |||||||| |||| 00| 0 eng d
020 ## - INTERNATIONAL STANDARD BOOK NUMBER
International Standard Book Number 9789325982406
082 ## - DEWEY DECIMAL CLASSIFICATION NUMBER
Classification number 658.8 ARM
100 ## - MAIN ENTRY--PERSONAL NAME
Personal name Arun kumar
245 ## - TITLE STATEMENT
Title Marketing Management
250 ## - EDITION STATEMENT
Edition statement 3rd
260 ## - PUBLICATION, DISTRIBUTION, ETC. (IMPRINT)
Place of publication, distribution, etc Noida
Name of publisher, distributor, etc Vikas Pub.
300 ## - PHYSICAL DESCRIPTION
Extent xxii,668
650 ## - SUBJECT ADDED ENTRY--TOPICAL TERM
Topical term or geographic name as entry element Community pharmacy and Management
700 ## - ADDED ENTRY--PERSONAL NAME
Personal name Meenakshi, N
942 ## - ADDED ENTRY ELEMENTS (KOHA)
Source of classification or shelving scheme Dewey Decimal Classification
Koha item type Text Books
Holdings
Withdrawn status Lost status Source of classification or shelving scheme Damaged status Not for loan Collection code Home library Current library Date acquired Source of acquisition Currency Cost, normal purchase price Bill Number Total Checkouts Full call number Acc. no. / Barcode Date last seen Actual Cost, discounted price Bill Date Koha item type
    Dewey Decimal Classification     B.Pharma PIET C-LIBRARY PIET C-LIBRARY 23/01/2025 Zafaa Books Distributres In Rupees 725.00 ZBDO449   658.8 ARM BP2625 04/02/2025 500.25 22/01/2025 Reference Books
    Dewey Decimal Classification     B.Pharma PIET C-LIBRARY PIET C-LIBRARY 23/01/2025 Zafaa Books Distributres In Rupees 725.00 ZBDO449   658.8 ARM BP2626 04/02/2025 500.25 22/01/2025 Text Books
    Dewey Decimal Classification     B.Pharma PIET C-LIBRARY PIET C-LIBRARY 23/01/2025 Zafaa Books Distributres In Rupees 725.00 ZBDO449   658.8 ARM BP2627 04/02/2025 500.25 22/01/2025 Text Books

Design & Developed by: PIET Central Library
R70 Miles Stone Pattikalyana Samalkha Panipat 132102
mail ID :- [email protected], Phone No:- 0180-2569700 Ex.216